000 00386nam a2200121Ia 4500
008 210430s9999 xx 000 0 und d
082 _a604.2 J751 E
100 _aDhanan jay A Jolhe
245 _aEngineering Drawing With an introduction to Autocad
_cDhanan jay A Jolhe
260 _aNew Delhi
_bTata McGraw Hill Publishing Company Limited
_c2008
300 _a22.66p
942 _cBK
_2ddc
999 _c564405
_d564405